Kandinsky / (Record no. 17910)

000 -LEADER
fixed length control field 00986cam a2200289 i 4500
001 - CONTROL NUMBER
control field 3226354
005 - DATE AND TIME OF LATEST TRANSACTION
control field 20161130090424.0
008 - FIXED-LENGTH DATA ELEMENTS--GENERAL INFORMATION
fixed length control field 161130b xxu||||| |||| 00| 0 eng d
010 ## - LIBRARY OF CONGRESS CONTROL NUMBER
LC control number 79012966
020 ## - INTERNATIONAL STANDARD BOOK NUMBER
International Standard Book Number 0933920008 :
Terms of availability $35.00
050 00 - LIBRARY OF CONGRESS CALL NUMBER
Classification number ND699.K3A4 1979
100 1# - MAIN ENTRY--PERSONAL NAME
Personal name Kandinsky, Wassily,
Dates associated with a name 1866-1944.
245 10 - TITLE STATEMENT
Title Kandinsky /
Statement of responsibility, etc. by Hans K. Roethel, in collaboration with Jean K. Benjamin.
250 ## - EDITION STATEMENT
Edition statement 1st American ed.
260 ## - PUBLICATION, DISTRIBUTION, ETC. (IMPRINT)
Place of publication, distribution, etc. New York :
Name of publisher, distributor, etc. Hudson Hills Press,
Date of publication, distribution, etc. c1979.
300 ## - PHYSICAL DESCRIPTION
Extent 172 p. :
Other physical details ill. (some col.) ;
Dimensions 33 cm.
500 ## - GENERAL NOTE
General note Includes index.
504 ## - BIBLIOGRAPHY, ETC. NOTE
Bibliography, etc Bibliography: p. 171.
600 10 - SUBJECT ADDED ENTRY--PERSONAL NAME
Personal name Kandinsky, Wassily,
Dates associated with a name 1866-1944.
700 1# - ADDED ENTRY--PERSONAL NAME
Personal name Röthel, Hans Konrad,
Dates associated with a name 1909-1982.
700 1# - ADDED ENTRY--PERSONAL NAME
Personal name Benjamin, Jean K.,
Dates associated with a name 1922-
942 ## - ADDED ENTRY ELEMENTS (KOHA)
Source of classification or shelving scheme
Koha item type Hard Covered Materials
Classification part ND699.K3A4 1979
Holdings
Withdrawn status Lost status Source of classification or shelving scheme Damaged status Not for loan Home library Current library Shelving location Date acquired Source of acquisition Total Checkouts Full call number Barcode Date last seen Price effective from Koha item type
          MACHAKOS UNIVERSITY LIBRARY MACHAKOS UNIVERSITY LIBRARY Open shelf 30/11/2016 Donation(BFA)   ND699.K3A4 1979 28148 30/11/2016 30/11/2016 Hard Covered Materials
© Machakos University Library, Along The Highway, Machakos Wote Rd, Machakos, Kenya P.O. Box 136 - 90100 Machakos - Kenya

Tel: ( +254 ) 723 805829 OR Fax : 044-20353 OR Email: library@mksu.ac.ke